|
|
|
|
| LEADER |
00000nam a2200000 i 4500 |
| 001 |
ELB196004 |
| 003 |
FINmELB |
| 005 |
20220328121057.0 |
| 006 |
m o u |
| 007 |
cr cn||||||||| |
| 008 |
220328s2020 pe ac ob 000 0dspa d |
| 020 |
|
|
|a 9786123260989
|
| 035 |
|
|
|a (OCoLC)1311931753
|
| 040 |
|
|
|a FINmELB
|b spa
|e rda
|c FINmELB
|
| 043 |
|
|
|a s-pe---
|
| 050 |
0 |
0 |
|a GN21.D39
|b D447 2020
|
| 082 |
0 |
0 |
|a 301.092/285
|2 23
|
| 100 |
1 |
|
|a Degregori, Carlos Iván,
|e entrevistado.
|
| 245 |
1 |
0 |
|a "Aprendiendo a vivir se va la vida" :
|b conversaciones con Carlos Iván Degregori /
|c Pablo Sandoval, José Carlos Agüero.
|
| 246 |
3 |
0 |
|a Conversaciones con Carlos Iván Degregori
|
| 264 |
|
1 |
|a Lima :
|b IEP, Instituto de Estudios Peruanos,
|c [2020]
|
| 300 |
|
|
|a 1 recurso en línea (287 páginas) :
|b ilustraciones, retratos
|
| 336 |
|
|
|a texto
|b txt
|2 rdacontent/spa
|
| 337 |
|
|
|a computadora
|b c
|2 rdamedia/spa
|
| 338 |
|
|
|a recurso en línea
|b cr
|2 rdacarrier/spa
|
| 490 |
1 |
|
|a Serie Lecturas contemporáneas ;
|v 21
|
| 504 |
|
|
|a "Producción bibliográfica de Carlos Iván Degregori": páginas 239-287.
|
| 588 |
|
|
|a Descripción basada en metadatos suministrados por el editor y otras fuentes.
|
| 590 |
|
|
|a Recurso electrónico. Santa Fe, Arg.: elibro, 2022. Disponible vía World Wide Web. El acceso puede estar limitado para las bibliotecas afiliadas a elibro.
|
| 600 |
1 |
0 |
|a Degregori, Carlos Iván
|v Interviews.
|
| 650 |
|
0 |
|a Anthropologists
|z Peru
|v Interviews.
|
| 650 |
|
4 |
|a Antropólogos
|z Perú
|v Entrevistas.
|
| 655 |
|
4 |
|a Libros electrónicos.
|
| 700 |
1 |
|
|a Sandoval L., Pablo,
|e entrevistador.
|
| 700 |
1 |
|
|a Agüero, José Carlos,
|e entrevistador.
|
| 797 |
2 |
|
|a elibro, Corp.
|
| 830 |
|
0 |
|a Serie Lecturas contemporáneas ;
|v 21.
|
| 856 |
4 |
0 |
|u https://elibro.uam.elogim.com/ereader/bidiuam/196004
|z Texto completo
|